<?xml version="1.0" encoding="UTF-8"?>
<collection xmlns="http://www.loc.gov/MARC21/slim">
 <record>
  <leader>00387pamaa2200133   4500</leader>
  <controlfield tag="001">0000038780</controlfield>
  <controlfield tag="005">20050615090000.0</controlfield>
  <datafield tag="020" ind1="0" ind2="0">
   <subfield code="a">[Nil] </subfield>
  </datafield>
  <datafield tag="090" ind1="0" ind2="0">
   <subfield code="a">DS353 </subfield>
   <subfield code="b">MAT</subfield>
  </datafield>
  <datafield tag="100" ind1="1" ind2="0">
   <subfield code="a">MATHESON </subfield>
  </datafield>
  <datafield tag="245" ind1="1" ind2="0">
   <subfield code="a">Time off to dig : </subfield>
   <subfield code="b">arcnaelogy and adventure in remote Afghanistan  </subfield>
   <subfield code="c">by Sylvia Matheson.</subfield>
  </datafield>
  <datafield tag="260" ind1="0" ind2="0">
   <subfield code="a">London: </subfield>
   <subfield code="b">Odhams Press, </subfield>
   <subfield code="c">1961.</subfield>
  </datafield>
  <datafield tag="300" ind1=" " ind2=" ">
   <subfield code="a">286p.; </subfield>
   <subfield code="c">19 cm.</subfield>
  </datafield>
  <datafield tag="650" ind1="0" ind2="0">
   <subfield code="a">Afghanistan -- </subfield>
   <subfield code="x">Antiquities </subfield>
  </datafield>
 </record>
</collection>
